| 000 | 01284nam a2200385 c 4500 | ||
|---|---|---|---|
| 001 | 45309 | ||
| 003 | ES-MaCES | ||
| 005 | 20150929135609.0 | ||
| 008 | 141031s2014 sp | 000 | spa d | ||
| 040 |
_aES-MaCES _bspa _cES-MaCES |
||
| 041 | 0 |
_aspa _aeng |
|
| 100 | 1 |
_aGual Solé, Jordi _914187 |
|
| 245 | 1 | 1 |
_a¿Por qué Europa genera poco crecimiento y empleo? _cJordi Gual |
| 260 |
_aBarcelona _bLa Caixa, Estudios y Análisis Económico _c[2014] |
||
| 300 |
_a21 p. _bgráf. col. _c30 cm |
||
| 490 | 1 |
_aDocumentos de economía "la Caixa" _v28 jul. 2014 |
|
| 500 | _aResumen en español e inglés | ||
| 541 | _cGratuito | ||
| 650 | 4 |
_acrecimiento económico _927094 |
|
| 650 | 4 |
_amodelo económico _927074 |
|
| 650 | 4 |
_apérdida económica _927101 |
|
| 650 | 4 |
_aempleo _928299 |
|
| 650 | 4 |
_aUEM _930760 |
|
| 650 | 4 |
_amercado interior _927898 |
|
| 650 | 4 |
_aconsecuencias económicas _927082 |
|
| 650 | 4 |
_aEstados Unidos _928373 |
|
| 650 | 4 |
_acomparación _928892 |
|
| 653 | 1 | 0 | _aCondiciones económicas |
| 650 | 4 |
_929020 _apaís de la UE |
|
| 650 | 4 |
_926752 _aUE |
|
| 710 | 2 |
_aCaja de Ahorros y Pensiones de Barcelona _eed. _91688 |
|
| 830 | 0 |
_aDocumentos de economía "la Caixa" _v28 jul. 2014 _934234 |
|
| 902 | _aDOC Literatura gris | ||
| 942 |
_2CES _cBK _h0.0. |
||
| 999 |
_c45309 _d45309 |
||